| 000 | 01466 a2200277 4500 | ||
|---|---|---|---|
| 001 | 26493 | ||
| 005 | 20260407155544.0 | ||
| 008 | 260407a2000 arg spa d | ||
| 003 | AR-UNSa-BCEJYS | ||
| 040 |
_aAR-UNSa-BCEJYS _bspa _cAR-UNSa-BCEJYS |
||
| 080 |
_a658.8 _xOrganización de mercados. Marketing. Ventas. Distribución |
||
| 245 | 1 | 0 | _aIntroducción al Marketing |
| 020 | _a84-8322-178-0 | ||
| 264 | 1 |
_aMadrid : _bPrentice Hall _c2000 |
|
| 300 |
_axiii, 417 p. _c27 cm. |
||
| 505 | _a1. El papel de marketing en un mundo cambiante: La satisfacción de las necesidades humanas - 2. La planificación estratégica y el proceso de marketing - 3. El entorno de marketing - 4. Comportamiento de compra del consumidor - 5. La información de mercado y la investigación comercial - 6. Segmentación y posicionamiento para conseguir una ventaja competitiva - 7. Producto y marca - 8. Marketing de servicios - 9. Consideraciones y enfoques de fijación de precios - 10. Comunicación integrada - 11. Comunicación de masas: publicidad, promoción de ventas y relaciones públicas - 12. La gestión de los canales de distribución - 13. Marketing directo y marketing on line. | ||
| 942 | _cBK | ||
| 590 | _aniveau_biblio:m niveau_hierar:0 | ||
| 100 | 1 | _aKotler, Philip | |
| 700 | 1 | _aArmstrong, Gary | |
| 700 | 1 | _aSaunders, John | |
| 700 | 1 | _aWonds, Verónica | |
| 700 | 1 | _aMiquel, Salvador | |
| 700 | 1 | _aBigné, J. Enrique | |
| 700 | 1 | _aCámara, Dionisio | |
| 999 |
_c1469 _d1469 |
||